000 00812cab a2200217 4500
001 ABS40373
008 090401t1989 xxu||||| |||| 00| 0 eng d
035 _a(Sirsi) u23376
041 _aeng
100 _aFowler, D.
245 _aBritish Rail`s fast favourite
260 _c1989
350 _a0
490 _aNew Civil Engineer
_v(825) 2 February 1989, 18-22(5)
520 _aReviews British Rail `s three proposed routes for a high speed rail link between London and the Channel Tunnel . Discusses environmental arguments, civil engineering implications and political issues. All the routes have been rejected by Kent County Council and Bexley LBC in their present form.
690 _aPLANNING LAW AND PRACTICE
700 _aJones, H.
700 _aBishop, P.
942 _n0
948 _c04/03/1997
999 _c15627
_d15627